[Event "18. Obert Int. Sant Marti 2016 - B"]
[Site "Barcelona ESP"]
[Date "2016.07.16"]
[Round "4.19"]
[White "Valarezzo Ricard, Pedro"]
[Black "Olivas Montoya, Albert"]
[Result "1/2-1/2"]
[WhiteElo "1887"]
[BlackElo "1746"]
[PlyCount "44"]
[EventDate "2016.07.13"]
[EventType "swiss"]
[EventRounds "9"]
[EventCountry "ESP"]
[SourceTitle "Ajedrez en Madrid"]
[Source "lmi"]
[SourceDate "2016.07.13"]
[SourceVersion "1"]
[SourceVersionDate "2019.06.21"]
[SourceQuality "1"]

1. d4 Nf6 2. Nf3 g6 3. Nc3 Bg7 4. Bf4 d6 5. Qd2 O-O 6. Bh6 Re8 7. Bxg7 Kxg7 8.
h4 c5 9. d5 Bd7 10. Ng5 b5 11. Nce4 a5 12. Nxf6 exf6 13. Nh3 Qe7 14. Nf4 h6 15.
g3 Qe5 16. c3 Na6 17. Bg2 c4 18. e3 Nc5 19. O-O g5 20. hxg5 fxg5 21. Ne2 h5 22.
Qd4 f6 1/2-1/2

[Event "18. Obert Int. Sant Marti 2016 - B"]
[Site "Barcelona ESP"]
[Date "2016.07.16"]
[Round "4.20"]
[White "Nandhini, Saripalli"]
[Black "Fernandez Egea, Andres"]
[Result "0-1"]
[WhiteElo "1716"]
[BlackElo "1886"]
[PlyCount "44"]
[EventDate "2016.07.13"]
[EventType "swiss"]
[EventRounds "9"]
[EventCountry "ESP"]
[SourceTitle "Ajedrez en Madrid"]
[Source "lmi"]
[SourceDate "2016.07.13"]
[SourceVersion "1"]
[SourceVersionDate "2019.06.21"]
[SourceQuality "1"]

1. d4 Nf6 2. Nf3 g6 3. g3 Bg7 4. Bg2 d5 5. c4 c5 6. O-O cxd4 7. cxd5 O-O 8.
Nxd4 Nxd5 9. Nb5 a6 10. Bxd5 axb5 11. Qb3 Nc6 12. e3 Bf5 13. Bg2 b4 14. Rd1 Qc7
15. Bxc6 Qxc6 16. Qxb4 Bh3 17. e4 Ra4 18. Qd2 Rxe4 19. f3 Bd4+ 20. Kh1 Re1+ 21.
Rxe1 Qxf3+ 22. Qg2 Bxg2# 0-1

[Event "18. Obert Int. Sant Marti 2016 - B"]
[Site "Barcelona ESP"]
[Date "2016.07.16"]
[Round "4.21"]
[White "Minko, Dmitry"]
[Black "Pallares Gurrea, Aitor Alexander"]
[Result "1-0"]
[WhiteElo "1884"]
[BlackElo "1752"]
[PlyCount "117"]
[EventDate "2016.07.13"]
[EventType "swiss"]
[EventRounds "9"]
[EventCountry "ESP"]
[SourceTitle "Ajedrez en Madrid"]
[Source "lmi"]
[SourceDate "2016.07.13"]
[SourceVersion "1"]
[SourceVersionDate "2019.06.21"]
[SourceQuality "1"]

1. e4 e5 2. Nf3 Nc6 3. d4 exd4 4. Nxd4 Bc5 5. Be3 Qf6 6. c3 Nge7 7. Bc4 Ne5 8.
Bb3 d6 9. O-O O-O 10. f3 N7g6 11. Qd2 h6 12. Ne2 Rd8 13. Bxc5 dxc5 14. Qe3 c4
15. Bc2 Nd3 16. Bxd3 Rxd3 17. Qc5 Qb6 18. Qxb6 axb6 19. Nd4 Ra5 20. Na3 Rxa3
21. bxa3 Rxc3 22. Nb5 Rc2 23. Rf2 Rxf2 24. Kxf2 c6 25. Nd6 Be6 26. Rb1 b5 27.
a4 bxa4 28. Nxb7 c3 29. Nc5 Ne5 30. Rc1 Bxa2 31. Rxc3 Kf8 32. Nxa4 Ke7 33. Nb6
Kd6 34. f4 Ng4+ 35. Kg3 h5 36. h3 Nh6 37. Rd3+ Kc7 38. Na4 Ng8 39. Nc3 Bc4 40.
Rd4 Bb3 41. e5 Ne7 42. Rb4 Bc2 43. Kh4 g6 44. g4 hxg4 45. hxg4 c5 46. Rb2 Bd3
47. Kg5 Bc4 48. Ne4 Kc6 49. Nd6 Be6 50. f5 gxf5 51. gxf5 Bd5 52. Rb8 c4 53. Kf6
Kd7 54. Nxf7 Nxf5 55. Kxf5 Bxf7 56. Rb7+ Ke8 57. Kf6 Bd5 58. Rc7 Kd8 59. Rc5
1-0

[Event "18. Obert Int. Sant Marti 2016 - B"]
[Site "Barcelona ESP"]
[Date "2016.07.16"]
[Round "4.22"]
[White "Elizondo Marquet, Juan Marcos"]
[Black "Valero Recalde, Pablo"]
[Result "1-0"]
[WhiteElo "1870"]
[BlackElo "1734"]
[PlyCount "99"]
[EventDate "2016.07.13"]
[EventType "swiss"]
[EventRounds "9"]
[EventCountry "ESP"]
[SourceTitle "Ajedrez en Madrid"]
[Source "lmi"]
[SourceDate "2016.07.13"]
[SourceVersion "1"]
[SourceVersionDate "2019.06.21"]
[SourceQuality "1"]

1. e4 c5 2. Nf3 d6 3. d4 cxd4 4. Nxd4 Nf6 5. Nc3 g6 6. h3 Bg7 7. Bc4 O-O 8. O-O
Nc6 9. Nf3 Bd7 10. Re1 Rc8 11. Bb3 Na5 12. Bg5 Bc6 13. Qd2 Re8 14. Nd4 Nxb3 15.
axb3 a6 16. Rad1 Qc7 17. Nxc6 Qxc6 18. e5 dxe5 19. Rxe5 e6 20. Ree1 b5 21. Qf4
Nh5 22. Qe3 Qc5 23. Qxc5 Rxc5 24. Ne4 Rxc2 25. g4 h6 26. gxh5 hxg5 27. hxg6
fxg6 28. Nxg5 Rxb2 29. Rd6 e5 30. Rxg6 Rd8 31. Rxe5 Rd1+ 32. Kg2 Kf8 33. Ne6+
Kf7 34. Rxg7+ Kf6 35. Rgg5 Rxb3 36. Nc5 Rbb1 37. Ref5+ Ke7 38. Nxa6 Rg1+ 39.
Kf3 Rb3+ 40. Ke4 Re1+ 41. Kd4 Re6 42. Re5 Rxe5 43. Rxe5+ Kd6 44. Re3 Rb2 45. f4
Ra2 46. Nb4 Ra4 47. Rb3 Ke6 48. Ke4 Kf6 49. f5 Ra1 50. Nd5+ 1-0

[Event "18. Obert Int. Sant Marti 2016 - B"]
[Site "Barcelona ESP"]
[Date "2016.07.16"]
[Round "4.23"]
[White "Sanchez Paz, Josep"]
[Black "Ritter Aguilar, Jordi"]
[Result "0-1"]
[WhiteElo "1709"]
[BlackElo "1868"]
[PlyCount "46"]
[EventDate "2016.07.13"]
[EventType "swiss"]
[EventRounds "9"]
[EventCountry "ESP"]
[SourceTitle "Ajedrez en Madrid"]
[Source "lmi"]
[SourceDate "2016.07.13"]
[SourceVersion "1"]
[SourceVersionDate "2019.06.21"]
[SourceQuality "1"]

1. a3 e5 2. c4 Nc6 3. Nc3 f5 4. d3 Be7 5. e3 Nf6 6. g3 d6 7. Bg2 O-O 8. Nd5 Be6
9. Nxe7+ Qxe7 10. Ne2 Rad8 11. Bxc6 bxc6 12. Qa4 Nd7 13. Qxc6 Nc5 14. d4 Nd3+
15. Kf1 Nxc1 16. Rxc1 f4 17. gxf4 exf4 18. Nxf4 Rxf4 19. exf4 Bh3+ 20. Kg1 d5
21. cxd5 Rd6 22. Qa8+ Kf7 23. f5 Qg5# 0-1

[Event "18. Obert Int. Sant Marti 2016 - B"]
[Site "Barcelona ESP"]
[Date "2016.07.16"]
[Round "4.24"]
[White "Cano Sevila, Ivan"]
[Black "Hernando Rodrigo, Lourdes"]
[Result "1-0"]
[WhiteElo "1853"]
[BlackElo "1730"]
[PlyCount "79"]
[EventDate "2016.07.13"]
[EventType "swiss"]
[EventRounds "9"]
[EventCountry "ESP"]
[SourceTitle "Ajedrez en Madrid"]
[Source "lmi"]
[SourceDate "2016.07.13"]
[SourceVersion "1"]
[SourceVersionDate "2019.06.21"]
[SourceQuality "1"]

1. d4 Nf6 2. Bf4 d5 3. Nf3 e6 4. e3 Bd6 5. Ne5 Nfd7 6. Nd2 Nxe5 7. dxe5 Be7 8.
c3 Nd7 9. Nf3 Nc5 10. Be2 O-O 11. Qc2 Bd7 12. h4 Ne4 13. Bd3 h6 14. Bxe4 dxe4
15. Qxe4 Bc6 16. Qc2 Bxf3 17. gxf3 Qd5 18. e4 Qc4 19. Qe2 Qxe2+ 20. Kxe2 Rad8
21. Rag1 Kh8 22. h5 Rd7 23. Rd1 Rfd8 24. Rxd7 Rxd7 25. Be3 a6 26. f4 Kh7 27. f5
c6 28. f4 Bd8 29. Rg1 Bc7 30. fxe6 fxe6 31. Rg6 Re7 32. Bc5 Re8 33. Bd6 Bd8 34.
f5 exf5 35. exf5 Bg5 36. Kf3 Bc1 37. f6 gxf6 38. exf6 Re1 39. Kf2 Rh1 40. f7
1-0

[Event "18. Obert Int. Sant Marti 2016 - B"]
[Site "Barcelona ESP"]
[Date "2016.07.16"]
[Round "4.25"]
[White "Santolaria Pena, M."]
[Black "Escofet Llongueras, Joan"]
[Result "1-0"]
[WhiteElo "1846"]
[BlackElo "1716"]
[PlyCount "113"]
[EventDate "2016.07.13"]
[EventType "swiss"]
[EventRounds "9"]
[EventCountry "ESP"]
[SourceTitle "Ajedrez en Madrid"]
[Source "lmi"]
[SourceDate "2016.07.13"]
[SourceVersion "1"]
[SourceVersionDate "2019.06.21"]
[SourceQuality "1"]

1. d4 Nf6 2. Bf4 g6 3. f3 Nd5 4. Bd2 Bg7 5. e4 Nb6 6. Be3 d5 7. Nc3 dxe4 8.
fxe4 O-O 9. Qd2 c6 10. O-O-O e5 11. d5 Qd6 12. Be2 f5 13. exf5 gxf5 14. dxc6
Qxd2+ 15. Rxd2 Nxc6 16. Nf3 Be6 17. Rhd1 Rad8 18. Ng5 Bc8 19. Bxb6 Rxd2 20.
Rxd2 h6 21. Bc4+ Kh8 22. Ne6 Bxe6 23. Bxe6 axb6 24. Rd7 Nd4 25. Rxb7 Nxe6 26.
Rxb6 Nd4 27. a4 e4 28. a5 f4 29. Nxe4 Rc8 30. c3 f3 31. gxf3 Nxf3 32. h3 Ng5
33. Nxg5 hxg5 34. Rg6 Kh7 35. Rb6 Ra8 36. a6 Be5 37. Kc2 Kg7 38. Kb3 Kf7 39.
Kc4 Ke7 40. Kd5 Bc7 41. Rg6 Bf4 42. b4 Bd2 43. Rc6 Kd7 44. b5 Rc8 45. Rxc8 Kxc8
46. c4 Kb8 47. Kc6 Ka7 48. c5 Bf4 49. Kd7 Bg3 50. Kc6 Bf4 51. Kd5 Be3 52. Kc4
Bf2 53. Kd5 Bg3 54. Kc6 Bf2 55. Kd7 Bg3 56. c6 Kb8 57. b6 1-0

[Event "18. Obert Int. Sant Marti 2016 - B"]
[Site "Barcelona ESP"]
[Date "2016.07.16"]
[Round "4.26"]
[White "Ramos Alvarez, Maximo"]
[Black "Rodriguez Beltran, Fernando"]
[Result "1/2-1/2"]
[WhiteElo "1843"]
[BlackElo "1602"]
[PlyCount "66"]
[EventDate "2016.07.13"]
[EventType "swiss"]
[EventRounds "9"]
[EventCountry "ESP"]
[SourceTitle "Ajedrez en Madrid"]
[Source "lmi"]
[SourceDate "2016.07.13"]
[SourceVersion "1"]
[SourceVersionDate "2019.06.21"]
[SourceQuality "1"]

1. e4 d5 2. exd5 Qxd5 3. Nf3 Bg4 4. Be2 Nc6 5. d4 O-O-O 6. c4 Qa5+ 7. Bd2 Qf5
8. Be3 e5 9. d5 e4 10. Ng1 Bxe2 11. Nxe2 Ne5 12. O-O Nxc4 13. Nbc3 Nxe3 14.
fxe3 Qd7 15. Qd4 b6 16. a4 Bc5 17. Qc4 Bxe3+ 18. Kh1 Kb8 19. d6 Nf6 20. a5 cxd6
21. axb6 Bxb6 22. Na4 Rc8 23. Qb3 Qe6 24. Qa3 d5 25. Nxb6 Qxb6 26. Nc3 Qc5 27.
b4 Qe3 28. Rfe1 Qb6 29. Na4 Qb5 30. Nc3 Qb6 31. Rf1 Rhd8 32. Na4 Qb5 33. Nc5
Qb6 1/2-1/2

[Event "18. Obert Int. Sant Marti 2016 - B"]
[Site "Barcelona ESP"]
[Date "2016.07.16"]
[Round "4.27"]
[White "Poyato Ruiz, Fernando"]
[Black "Pera Muntasell, Marc"]
[Result "1-0"]
[WhiteElo "1840"]
[BlackElo "1450"]
[PlyCount "81"]
[EventDate "2016.07.13"]
[EventType "swiss"]
[EventRounds "9"]
[EventCountry "ESP"]
[SourceTitle "Ajedrez en Madrid"]
[Source "lmi"]
[SourceDate "2016.07.13"]
[SourceVersion "1"]
[SourceVersionDate "2019.06.21"]
[SourceQuality "1"]

1. d4 d5 2. c4 e6 3. Nc3 Nf6 4. Bg5 Be7 5. e3 O-O 6. Nf3 h6 7. Bh4 b6 8. cxd5
exd5 9. Bd3 Bb7 10. O-O Nbd7 11. Rc1 c5 12. Re1 Ne4 13. Bxe7 Qxe7 14. Bb1 Ndf6
15. Ne5 Rac8 16. a4 a6 17. f3 Nxc3 18. bxc3 Rfe8 19. Qd3 g6 20. Qd2 Kg7 21. Nd3
Qd7 22. a5 c4 23. Ne5 Qd6 24. axb6 Qxb6 25. Bc2 Qc7 26. Qf2 Nd7 27. Nxd7 Qxd7
28. e4 Re6 29. e5 f5 30. exf6+ Rxf6 31. Re5 Re8 32. Rce1 Rfe6 33. Qg3 Qf7 34.
f4 Rxe5 35. fxe5 Re6 36. Rf1 Qe8 37. h4 Qg8 38. h5 g5 39. Bg6 Re7 40. Qf3 Re6
41. Bf7 1-0

[Event "18. Obert Int. Sant Marti 2016 - B"]
[Site "Barcelona ESP"]
[Date "2016.07.16"]
[Round "4.28"]
[White "Grindbakken, Erik"]
[Black "Martin Valentin, Francisco"]
[Result "1/2-1/2"]
[WhiteElo "1610"]
[BlackElo "1836"]
[PlyCount "77"]
[EventDate "2016.07.13"]
[EventType "swiss"]
[EventRounds "9"]
[EventCountry "ESP"]
[SourceTitle "Ajedrez en Madrid"]
[Source "lmi"]
[SourceDate "2016.07.13"]
[SourceVersion "1"]
[SourceVersionDate "2019.06.21"]
[SourceQuality "1"]

1. e4 c6 2. d4 d5 3. e5 Bf5 4. Nf3 e6 5. Be2 Bg6 6. O-O Ne7 7. c4 dxc4 8. Bxc4
Nd5 9. Nc3 Nd7 10. a3 N7b6 11. Bxd5 Nxd5 12. Qb3 Qb6 13. Qxb6 Nxb6 14. Re1 Be7
15. Bg5 h6 16. Bxe7 Kxe7 17. Rac1 Rhd8 18. Ne4 Bxe4 19. Rxe4 Rd5 20. Rc5 Rad8
21. h4 g6 22. g4 Na4 23. Rc2 Rb5 24. b4 a5 25. Rc4 axb4 26. Rxb4 Rxb4 27. axb4
Nc3 28. Re3 Nd5 29. Rb3 b5 30. Kh2 Ra8 31. Ne1 Ra2 32. Kg3 Nb6 33. f4 Nc4 34.
Nd3 Nd2 35. Rb2 Ne4+ 36. Kf3 Nd2+ 37. Ke2 Rxb2 38. Nxb2 Ne4 39. Ke3 1/2-1/2

[Event "18. Obert Int. Sant Marti 2016 - B"]
[Site "Barcelona ESP"]
[Date "2016.07.16"]
[Round "4.29"]
[White "Martinez Balaguer, Josep"]
[Black "Cano Vila, Eduard"]
[Result "1-0"]
[WhiteElo "1834"]
[BlackElo "1353"]
[PlyCount "45"]
[EventDate "2016.07.13"]
[EventType "swiss"]
[EventRounds "9"]
[EventCountry "ESP"]
[SourceTitle "Ajedrez en Madrid"]
[Source "lmi"]
[SourceDate "2016.07.13"]
[SourceVersion "1"]
[SourceVersionDate "2019.06.21"]
[SourceQuality "1"]

1. c4 Nf6 2. Nc3 g6 3. Nf3 Bg7 4. g3 O-O 5. Bg2 d6 6. O-O Bg4 7. h3 Be6 8. Ng5
c6 9. Nxe6 fxe6 10. d4 Nbd7 11. e4 e5 12. Be3 exd4 13. Bxd4 c5 14. Be3 Ne5 15.
Qe2 Qd7 16. Rad1 Qe6 17. b3 Nfd7 18. Nd5 Qf7 19. f4 Nc6 20. e5 e6 21. Nc7 Rad8
22. Nxe6 Qxe6 23. Bd5 1-0

[Event "18. Obert Int. Sant Marti 2016 - B"]
[Site "Barcelona ESP"]
[Date "2016.07.16"]
[Round "4.30"]
[White "Sanchez Viana, Jordi"]
[Black "Serra Vilaro, Agustin"]
[Result "0-1"]
[WhiteElo "1599"]
[BlackElo "1829"]
[PlyCount "76"]
[EventDate "2016.07.13"]
[EventType "swiss"]
[EventRounds "9"]
[EventCountry "ESP"]
[SourceTitle "Ajedrez en Madrid"]
[Source "lmi"]
[SourceDate "2016.07.13"]
[SourceVersion "1"]
[SourceVersionDate "2019.06.21"]
[SourceQuality "1"]

1. e4 d5 2. exd5 Qxd5 3. Nf3 Nf6 4. Nc3 Qd6 5. d4 a6 6. Be2 Bf5 7. O-O Nbd7 8.
Bg5 e6 9. Re1 Be7 10. h3 O-O 11. Bd3 Bxd3 12. Qxd3 Rad8 13. Ne4 Qb6 14. Qb3
Rfe8 15. Qxb6 Nxb6 16. Nxf6+ gxf6 17. Bd2 Rd7 18. b3 Ba3 19. Rab1 Red8 20. Bf4
Nd5 21. Bd2 Bb4 22. c4 Bxd2 23. Nxd2 Nc3 24. Rb2 Rxd4 25. Nf3 Rd1 26. Rc2 Rxe1+
27. Nxe1 Ne4 28. f3 Ng3 29. Kf2 Nf5 30. g4 Ne7 31. Ng2 Kg7 32. Nf4 f5 33. g5 h6
34. g6 Nxg6 35. Nh5+ Kf8 36. Ke3 Ke7 37. Rg2 Rd1 38. Ng3 f4+ 0-1

[Event "18. Obert Int. Sant Marti 2016 - B"]
[Site "Barcelona ESP"]
[Date "2016.07.16"]
[Round "4.31"]
[White "Corominas Garrido, Antonio"]
[Black "Martos Martin, Josep Angel"]
[Result "1/2-1/2"]
[WhiteElo "1824"]
[BlackElo "1981"]
[PlyCount "35"]
[EventDate "2016.07.13"]
[EventType "swiss"]
[EventRounds "9"]
[EventCountry "ESP"]
[SourceTitle "Ajedrez en Madrid"]
[Source "lmi"]
[SourceDate "2016.07.13"]
[SourceVersion "1"]
[SourceVersionDate "2019.06.21"]
[SourceQuality "1"]

1. c4 Nf6 2. Nc3 g6 3. g3 Bg7 4. Bg2 c6 5. d4 O-O 6. Nf3 d6 7. O-O Nbd7 8. e4
e5 9. dxe5 Nxe5 10. Nxe5 dxe5 11. b3 Bg4 12. Qc2 Qc8 13. f3 Bh3 14. Rf2 Bxg2
15. Kxg2 Rd8 16. Be3 Qc7 17. Rd1 Rxd1 18. Qxd1 1/2-1/2

[Event "18. Obert Int. Sant Marti 2016 - B"]
[Site "Barcelona ESP"]
[Date "2016.07.16"]
[Round "4.33"]
[White "Grasa Solanas, Oscar"]
[Black "Reixach Ministral, Eduard"]
[Result "1-0"]
[WhiteElo "1637"]
[BlackElo "1870"]
[PlyCount "113"]
[EventDate "2016.07.13"]
[EventType "swiss"]
[EventRounds "9"]
[EventCountry "ESP"]
[SourceTitle "Ajedrez en Madrid"]
[Source "lmi"]
[SourceDate "2016.07.13"]
[SourceVersion "1"]
[SourceVersionDate "2019.06.21"]
[SourceQuality "1"]

1. c4 e5 2. Nc3 Nf6 3. g3 Bc5 4. Bg2 O-O 5. d3 d6 6. Nf3 Re8 7. O-O Nc6 8. Bg5
h6 9. Bxf6 Qxf6 10. Nd5 Qd8 11. a3 a6 12. b4 Ba7 13. b5 axb5 14. cxb5 Ne7 15.
Nc3 Bg4 16. a4 Qd7 17. Re1 Bh3 18. Bh1 Qg4 19. Rc1 Nf5 20. e3 Rad8 21. Nd5 c6
22. bxc6 bxc6 23. Rxc6 Ne7 24. Nxe7+ Rxe7 25. Qc2 Qb4 26. Rb1 Qa5 27. Rb5 Qxb5
28. axb5 Rb7 29. Rc7 Rxc7 30. Qxc7 Rc8 31. Qxc8+ Bxc8 32. Nd2 Bd7 33. Bc6 Bxc6
34. bxc6 Bb8 35. Kg2 f5 36. e4 g6 37. h3 Kf7 38. f4 Ke6 39. Nc4 d5 40. exf5+
gxf5 41. Nxe5 d4 42. Kf2 Kd5 43. Kf3 h5 44. g4 hxg4+ 45. hxg4 fxg4+ 46. Kxg4
Ke6 47. Kg5 Bd6 48. Kg4 Bc7 49. Kf3 Kd5 50. Kg4 Ke6 51. Kg5 Bd6 52. Nc4 Be7+
53. Kg6 Bd8 54. f5+ Kd5 55. c7 Bxc7 56. f6 Bd8 57. Kg7 1-0

[Event "18. Obert Int. Sant Marti 2016 - B"]
[Site "Barcelona ESP"]
[Date "2016.07.16"]
[Round "4.34"]
[White "Ji, Pablo"]
[Black "Pereda Villalba, Julian"]
[Result "1-0"]
[WhiteElo "1606"]
[BlackElo "1824"]
[PlyCount "99"]
[EventDate "2016.07.13"]
[EventType "swiss"]
[EventRounds "9"]
[EventCountry "ESP"]
[SourceTitle "Ajedrez en Madrid"]
[Source "lmi"]
[SourceDate "2016.07.13"]
[SourceVersion "1"]
[SourceVersionDate "2019.06.21"]
[SourceQuality "1"]

1. e4 d6 2. Nf3 Nf6 3. Nc3 g6 4. d4 Bg7 5. h3 O-O 6. Be2 Nbd7 7. Be3 e5 8. dxe5
dxe5 9. O-O c6 10. a4 Re8 11. Bc4 Qc7 12. Re1 Nf8 13. Ng5 Be6 14. Bxe6 Nxe6 15.
Nxe6 Rxe6 16. Qe2 b6 17. b4 Rd8 18. Red1 Red6 19. Rd3 Rxd3 20. cxd3 Qd6 21. b5
cxb5 22. axb5 Qxd3 23. Rd1 Qxc3 24. Rxd8+ Bf8 25. Bh6 Nd7 26. Bxf8 Nxf8 27. Qd2
Qc7 28. Qd6 Qc1+ 29. Qd1 Qc5 30. Rd5 Qc3 31. Qd2 Qa1+ 32. Kh2 Kg7 33. f4 exf4
34. Qxf4 Ne6 35. Qg3 Qf6 36. Rd1 h5 37. Rd7 Nc5 38. e5 Qe6 39. Rxa7 Qf5 40. Re7
Ne6 41. Qe3 g5 42. Rb7 Nc5 43. Rxb6 Ne4 44. Ra6 Qxe5+ 45. Kg1 Qd5 46. Ra1 f5
47. Qa7+ Kg6 48. Qb6+ Nf6 49. Ra6 Qe5 50. Qxf6+ 1-0

[Event "18. Obert Int. Sant Marti 2016 - B"]
[Site "Barcelona ESP"]
[Date "2016.07.16"]
[Round "4.35"]
[White "Martinez Medina, Jose Juan"]
[Black "Lozano Ruiz, David"]
[Result "0-1"]
[WhiteElo "1534"]
[BlackElo "1796"]
[PlyCount "80"]
[EventDate "2016.07.13"]
[EventType "swiss"]
[EventRounds "9"]
[EventCountry "ESP"]
[SourceTitle "Ajedrez en Madrid"]
[Source "lmi"]
[SourceDate "2016.07.13"]
[SourceVersion "1"]
[SourceVersionDate "2019.06.21"]
[SourceQuality "1"]

1. e4 e6 2. d4 d5 3. e5 c5 4. c3 Qb6 5. Nf3 Nc6 6. Bd3 cxd4 7. cxd4 Bd7 8. O-O
Nxd4 9. Nxd4 Qxd4 10. Nc3 a6 11. Re1 Ne7 12. Qf3 Nc6 13. Bf4 Be7 14. Rad1 Qb4
15. Rb1 O-O 16. Qg3 Kh8 17. Qh3 g6 18. Qg3 Rg8 19. h4 h5 20. a3 Qb6 21. b4 Nd4
22. Qe3 Qa7 23. g3 Nf5 24. Qxa7 Rxa7 25. Bxf5 gxf5 26. Be3 Raa8 27. Kh2 Rg4 28.
f4 Rc8 29. Rbc1 Rgg8 30. Ne2 Bc6 31. Bd4 Ra8 32. Bb6 Rgc8 33. Rc3 Bb5 34. Rxc8+
Rxc8 35. Rc1 Rxc1 36. Nxc1 Bc4 37. Bd4 a5 38. bxa5 Bxa3 39. Be3 Bb4 40. Bb6 Bd2
0-1

[Event "18. Obert Int. Sant Marti 2016 - B"]
[Site "Barcelona ESP"]
[Date "2016.07.16"]
[Round "4.36"]
[White "Minko, Olga"]
[Black "Alquezar Calpena, Marc"]
[Result "1/2-1/2"]
[WhiteElo "1509"]
[BlackElo "1792"]
[PlyCount "86"]
[EventDate "2016.07.13"]
[EventType "swiss"]
[EventRounds "9"]
[EventCountry "ESP"]
[SourceTitle "Ajedrez en Madrid"]
[Source "lmi"]
[SourceDate "2016.07.13"]
[SourceVersion "1"]
[SourceVersionDate "2019.06.21"]
[SourceQuality "1"]

1. e4 c5 2. Nf3 Nc6 3. d4 cxd4 4. Nxd4 Nf6 5. Nc3 e6 6. Nxc6 bxc6 7. e5 Nd5 8.
Ne4 Qc7 9. Nd6+ Bxd6 10. exd6 Qxd6 11. c4 Qe5+ 12. Qe2 Qxe2+ 13. Bxe2 Nb4 14.
Kd1 c5 15. Bf4 Bb7 16. a3 Na6 17. Rg1 O-O 18. Bd6 Rfc8 19. Kc2 Be4+ 20. Kc3 Nc7
21. f3 Ne8 22. Bxc5 Rxc5 23. fxe4 Nd6 24. b4 Rc7 25. Kd4 e5+ 26. Kd5 Ne8 27.
Kxe5 Nf6 28. Kd4 Re8 29. Bf3 d6 30. Rac1 Rce7 31. Rge1 Nd7 32. c5 dxc5+ 33.
bxc5 Ne5 34. Red1 Rd7+ 35. Kc3 Red8 36. Rxd7 Rxd7 37. Rd1 Rxd1 38. Bxd1 Kf8 39.
Kd4 f6 40. Kd5 Ke7 41. c6 Kd8 42. Kd6 Nc4+ 43. Kc5 Nxa3 1/2-1/2

[Event "18. Obert Int. Sant Marti 2016 - B"]
[Site "Barcelona ESP"]
[Date "2016.07.16"]
[Round "4.37"]
[White "Castillo Dalmau, Arnau"]
[Black "Molinas Garcia, Francisco"]
[Result "1/2-1/2"]
[WhiteElo "1418"]
[BlackElo "1786"]
[PlyCount "40"]
[EventDate "2016.07.13"]
[EventType "swiss"]
[EventRounds "9"]
[EventCountry "ESP"]
[SourceTitle "Ajedrez en Madrid"]
[Source "lmi"]
[SourceDate "2016.07.13"]
[SourceVersion "1"]
[SourceVersionDate "2019.06.21"]
[SourceQuality "1"]

1. e4 c5 2. Nf3 Nc6 3. d4 cxd4 4. Nxd4 g6 5. c4 Bg7 6. Be3 Nf6 7. Nc3 O-O 8.
Be2 d6 9. O-O a6 10. Qd2 Ng4 11. Bxg4 Bxg4 12. f3 Bd7 13. Rac1 Ne5 14. b3 Rc8
15. Rfd1 h5 16. Qe2 Kh7 17. Nd5 Nc6 18. Nxc6 Rxc6 19. Nb4 Rc8 20. Nd5 Rc6
1/2-1/2

[Event "18. Obert Int. Sant Marti 2016 - B"]
[Site "Barcelona ESP"]
[Date "2016.07.16"]
[Round "4.39"]
[White "Ferres Saez, Joan"]
[Black "De Figueiredo Coutinho, Rocco"]
[Result "0-1"]
[WhiteElo "1763"]
[BlackElo "1474"]
[PlyCount "106"]
[EventDate "2016.07.13"]
[EventType "swiss"]
[EventRounds "9"]
[EventCountry "ESP"]
[SourceTitle "Ajedrez en Madrid"]
[Source "lmi"]
[SourceDate "2016.07.13"]
[SourceVersion "1"]
[SourceVersionDate "2019.06.21"]
[SourceQuality "1"]

1. Nf3 d5 2. g3 Nf6 3. Bg2 Nc6 4. d4 h6 5. O-O Bf5 6. c4 e6 7. Nc3 Be7 8. Ne5
O-O 9. b3 Nb8 10. Bb2 c6 11. Rc1 Nbd7 12. cxd5 exd5 13. e3 Re8 14. a3 Bd6 15.
f4 Qe7 16. b4 Qe6 17. b5 Rec8 18. bxc6 bxc6 19. Na4 Bxe5 20. fxe5 Ne4 21. Nc5
Ndxc5 22. dxc5 Rcb8 23. Bd4 Rb7 24. Rf4 Rab8 25. g4 Bh7 26. h3 Rb3 27. a4 Qe7
28. Qe1 R8b4 29. a5 Qb7 30. Rf1 Qb5 31. Kh2 Ng5 32. Qf2 Qb7 33. h4 Ne6 34. a6
Qe7 35. Bc3 Rxg4 36. Bh3 Rxh4 37. Be1 Ra4 38. Bxe6 Qxe6 39. Bc3 Rxa6 40. Qg3
Bg6 41. Bd4 Ra4 42. Qh4 Ra2+ 43. Rf2 Rxf2+ 44. Qxf2 Qg4 45. Rg1 Qh5+ 46. Kg3
Qf5 47. Qa2 Qg5+ 48. Kf2 Qh4+ 49. Rg3 Rb7 50. Qe2 Be4 51. Qg4 Qh2+ 52. Rg2
Qxg2+ 53. Qxg2 Bxg2 0-1

[Event "18. Obert Int. Sant Marti 2016 - B"]
[Site "Barcelona ESP"]
[Date "2016.07.16"]
[Round "4.41"]
[White "Garcia Ramos, Anais"]
[Black "Tortosa Moros, Joan"]
[Result "1-0"]
[WhiteElo "1392"]
[BlackElo "1719"]
[PlyCount "131"]
[EventDate "2016.07.13"]
[EventType "swiss"]
[EventRounds "9"]
[EventCountry "ESP"]
[SourceTitle "Ajedrez en Madrid"]
[Source "lmi"]
[SourceDate "2016.07.13"]
[SourceVersion "1"]
[SourceVersionDate "2019.06.21"]
[SourceQuality "1"]

1. e4 c5 2. Nc3 Nc6 3. g3 g6 4. Bg2 Bg7 5. d3 d6 6. Be3 Rb8 7. Qd2 b5 8. Nge2
Nd4 9. O-O b4 10. Nd1 a5 11. Nc1 a4 12. c3 Nc6 13. d4 cxd4 14. cxd4 Na5 15. b3
a3 16. Rb1 Ba6 17. Re1 Nf6 18. Bh6 O-O 19. Bxg7 Kxg7 20. Nd3 Qb6 21. Nf4 Rfd8
22. Ne3 e5 23. dxe5 dxe5 24. Nfd5 Qd6 25. Qd1 Qe6 26. Nc7 Qb6 27. Ned5 Nxd5 28.
Nxd5 Qe6 29. Qf3 Rdc8 30. Rbc1 Nc6 31. Bf1 Nd4 32. Qd1 Rxc1 33. Qxc1 Nf3+ 34.
Kg2 Nxe1+ 35. Qxe1 Bxf1+ 36. Kxf1 Qa6+ 37. Kg1 Qb7 38. Qa1 f6 39. f4 Qa7+ 40.
Kg2 Qd4 41. Qxd4 exd4 42. Kf3 Kf7 43. Ke2 f5 44. e5 Ke6 45. Nc7+ Kd7 46. Na6
Rb6 47. Nc5+ Kc6 48. Ne6 Kd5 49. Ng5 h6 50. Nf7 Rc6 51. Kd2 Rc3 52. Nd8 Rc8 53.
Nf7 Ke6 54. Nd6 Rc3 55. Nb5 Rc5 56. Nxd4+ Kd5 57. Nc2 Rb5 58. Kd3 g5 59. Nd4
Rc5 60. Nxf5 gxf4 61. gxf4 Rc3+ 62. Kd2 Rh3 63. Ne3+ Rxe3 64. Kxe3 h5 65. h4
Ke6 66. Ke4 1-0